A step change in controls on landfill gas emissions (Record no. 72184)

MARC details
000 -LEADER
fixed length control field 01557cam a2200241 4500
001 - CONTROL NUMBER
control field ABS66487
008 - FIXED-LENGTH DATA ELEMENTS--GENERAL INFORMATION
fixed length control field 030228n2003 000 0 eng u
035 ## - SYSTEM CONTROL NUMBER
System control number (Sirsi) u121466
245 #2 - TITLE STATEMENT
Title A step change in controls on landfill gas emissions
260 ## - PUBLICATION, DISTRIBUTION, ETC.
Date of publication, distribution, etc. 2003
490 ## - SERIES STATEMENT
Series statement ENDS Report
Volume/sequential designation (336) January 2003, 24-28(5)
520 ## - SUMMARY, ETC.
Summary, etc. The waste management industry is preparing for new challenges in controlling landfill gas hazards as sites fall under the new pollution prevention and control (PPC) regime. Alongside measures to reduce methane emissions, operators will now have to confront long neglected issues linked to trace landfill gas compounds and combustion by-products. New requirements to monitor and control emissions from flares and power plants are set to increase operating costs - and some upgrading of existing systems is also likely. The process, while adding to public awareness of air quality issues around landfills, should also deliver reassurance that regulators are responding to recent research into possible health impacts. Emerging as a cause of concern, however, is the continual absence of any programme to tackle closed sites. Tables and graph [Taken from journal headnote].
590 ## - LOCAL NOTE (RLIN)
Local note ABS
650 ## - SUBJECT ADDED ENTRY--TOPICAL TERM
Topical term or geographic name entry element GAS EMISSIONS
650 ## - SUBJECT ADDED ENTRY--TOPICAL TERM
Topical term or geographic name entry element ENVIRONMENT AGENCY
650 ## - SUBJECT ADDED ENTRY--TOPICAL TERM
Topical term or geographic name entry element LANDFILL GAS
650 ## - SUBJECT ADDED ENTRY--TOPICAL TERM
Topical term or geographic name entry element LANDFILL GAS FLARES
650 ## - SUBJECT ADDED ENTRY--TOPICAL TERM
Topical term or geographic name entry element INTEGRATED POLLUTION PREVENTION AND CONTROL
650 ## - SUBJECT ADDED ENTRY--TOPICAL TERM
Topical term or geographic name entry element LANDFILL SITES
650 ## - SUBJECT ADDED ENTRY--TOPICAL TERM
Topical term or geographic name entry element EMISSION CONTROLS
690 ## - LOCAL SUBJECT ADDED ENTRY--TOPICAL TERM (OCLC, RLIN)
Topical term or geographic name as entry element ENVIRONMENTAL AND LAND CONSULTANCY-WASTE MANAGEMENT
942 ## - ADDED ENTRY ELEMENTS (KOHA)
Suppress in OPAC 0
Holdings
Withdrawn status Lost status Source of classification or shelving scheme Damaged status Not for loan Home library Current library Shelving location Date acquired Total Checkouts Full call number Barcode Date last seen Copy number Price effective from Koha item type
    Dewey Decimal Classification     London London Journal article 28/02/2003   ABS66487 121466-1001 06/08/2019 1 06/08/2019 Journal article